Statistiken für Währungen vor dem Euro

Klicken Sie hier um das Quiz zu spielen!

Allgemein

  • Dieses Quiz wurde 159 mal gespielt
  • Das Durchschnittsergebnis liegt bei 9 aus 19

Antwortstatistiken

LandEhemalige Währung% Korrekt
DeutschlandDeutsche Mark
100%
FrankreichFranzösische Franc
76%
ItalienItalienische Lire
75%
ÖsterreichÖsterreichische Schilling
75%
GriechenlandGriechische Drachmen
62%
IrlandIrische Pfund
61%
SpanienSpanische Peseten
60%
BelgienBelgische Franc
58%
NiederlandeNiederländische Gulden
58%
LuxemburgLuxemburgische Franc
53%
FinnlandFinnmark
42%
PortugalPortugiesische Escudos
39%
SlowakeiSlowakische Krone
37%
ZypernZypriotische Pfund
28%
EstlandEstnische Krone
24%
MaltaMaltesische Lire
20%
LettlandLettische Lats
16%
SlowenienSlowenische Tolar
14%
LitauenLitauische Litas
10%

Verteilung der Resultate

Perzentil nach korrekt beantworteten Fragen

Anzahl Personen mit jedem Resultat

Ihre Resultats-Entwicklung

Sie haben dieses Quiz noch nicht gespielt